000 00771nam a2200193 a 4500
003 0
005 20250428093357.0
008 050808s19uu xx 00 eng d
050 _aPHS GV 885.5
_b.B87 2005
100 _aBustamante, Pierre Yu.
245 _aNBA odds and its effect on the academic performance of college students /
_cPierre Yu Bustamante.
260 _aLas PiƱas City, Philippines :
_bSouthville International School and Colleges,
_c2005.
300 _a23 pages :
_billustrations ;
_c28 cm.
504 _aIncludes bibliographical references.
650 _2Library of Congress Subject Headings
_aBasketball
_xSocial aspects.
650 _2Library of Congress Subject Headings
_aAcademic achievement
_xSocial aspects.
942 _2lcc
_cPASS
999 _c97197
_d97197